Регионална библиотека "Любен Каравелов" - Русе

Избрани статии (Запис номер 116035)

MARC детайли
000 -Лидер
Контролно поле с фиксирана дължина 01844nam a2200421 c 4500
003 - Код на организацията, давaща контролен номер
Контролно поле BLK
005 - Дата и час на последна редакция
Контролно поле 20230802005143.0
008 - Елементи от данни с фиксирана дължина
fixed length control field 180409b bul|||||r ||||||| ||bul||
010 ## - Наследен системен номер
LC control number KNG00121563000
040 ## - Източник на каталожния запис
Идентификатор на билиотеката - собственик на записа BLK
041 ## - Код за език
Код за езика на текст/звукозапис или на отделно заглавие Български
Код за езика КДБФ Български
080 ## - УДК
Текстов определител УДК Музика
УДК код - определител по УДК 78
УДК - код + определител 78
080 ## - УДК
Текстов определител УДК Музиканти-творци, композитори
УДК код - определител по УДК 78.071.1
УДК определител (497.2)(092)
УДК - код + определител 78.071.1(497.2)(092)
080 ## - УДК
Текстов определител УДК Български композитор
УДК код - определител по УДК 929 Пипков, Любомир Панайотов
УДК - код + определител 929 Пипков, Любомир Панайотов
100 ## - Редна дума - Автор
Автор Пипков, Любомир Панайотов
Дати, свързани с автора 1904-1974
Авторска отговорност първи автор
R(LIN) 428881
139 ## - Редно поле
Редна дума Пипков, Любомир Панайотов
Авторски знак Пил - П 52
245 10 - Сведения за заглавието
Заглавие Избрани статии
Редно поле (дума) Любомир Панайотов Пипков; състав. и ред. Крум Ангелов.
257 ## - Страна на издаване
Страна на създаване/издаване България
260 ## - Област на издателските данни
Име на издателя, разпространителя и проч. Музика
Година на издаване 1977
Място на издаване, разпространение и проч. София
300 ## - Физическа характеристика
Страници 380 с.
Размери/Мащаб 20 см
380 ## - Жанр
Жанр Изкуство
500 ## - Общи забележки
Забележка Библиогр. справка за науч.-крит. и публицист. дейност на Л. Пипков с. 368-373.
600 #0 - Име на лице, използвано като предмет
За него / За нея Пипков, Любомир Панайотов
Свързани дати 1904-1974
9 (RLIN) 428881
650 #4 - Допълнително описание по предмет – тема
Основно описание – тема или топоним Музика
9 (RLIN) 162855
650 #4 - Допълнително описание по предмет – тема
Основно описание – тема или топоним България
9 (RLIN) 241624
650 #4 - Допълнително описание по предмет – тема
Основно описание – тема или топоним Музикална критика, българска
9 (RLIN) 263810
653 ## - Ключова дума – ненормативна
Ключова дума българска музика
653 ## - Ключова дума – ненормативна
Ключова дума статии
653 ## - Ключова дума – ненормативна
Ключова дума музикална критика
700 ## - Други автори (авторска отговорност)
Лично име Ангелов, Крум Цветков
Дати, свързани с автора 1918-2006
9 (RLIN) 372681
852 ## - Местоположение
Форматна сигнатура Цб 86484
856 4# - Електронен адрес и достъп
Електронен формат pdf - файл
856 4# - Електронен адрес и достъп
Електронен формат pdf - файл
999 ## - СИСТЕМНИ КОНТРОЛНИ НОМЕРА
Koha biblionumber 116035
Koha biblioitemnumber 116035
942 ## - АРТИКУЛИ
Вид на библиотечния материал Книги
Скрит в OPAC Не
Периодичен библиозапис Да
Koha issues (borrowed), all copies 1
944 ## - СЪЗДАВАНЕ И РЕДАКЦИЯ на ЗАПИСА
Създаване/Редакция Създаване
Дата на регистрацията/редакция 01.03.2011
Статус, дата на статуса CRON CRON
Служител, извършил регистрацията/редакцията
944 ## - СЪЗДАВАНЕ И РЕДАКЦИЯ на ЗАПИСА
Създаване/Редакция Редакция
Дата на регистрацията/редакция 31.03.2014
Статус, дата на статуса добави в АБ / 28.02.2011
999 ## - СИСТЕМНИ КОНТРОЛНИ НОМЕРА
Koha biblioitemnumber 116035
Наличности
Код за отписване Код за изгубен артикул Източник на класификационната схема Код за повреда Коз за рестрикции Код за отдаване Артикулен № Име на библиотеката - собственик Име на библиотеката, в която се намира в момента Статус (Текущо местоположение) Дата на вписване в системата Местоположение - отдел Цена в лева Инвентарен номер Систематично азбучна сигнатура Баркод Номер на екземпляра Цена в евро Служебна бележка Служебен тип на артикула
  Не е изгубен Universal Decimal Classification Не е повреден без рестрикции заемане за дома 186771 Регионална библиотека "Любен Каравелов" Русе Регионална библиотека "Любен Каравелов" Русе Отдел Изкуство - подръчен фонд 1977-01-01 Отдел Изкуство - подръчен фонд 1.36 232657 78/П 52 120000232657 1 0.70 N: стар фонд Дата: 01.01.1977 Дата инв: 19.06.2012 Бележки инв: * Книги
  Не е изгубен Universal Decimal Classification Не е повреден само за читалня ползва се в читалня 186772 Регионална библиотека "Любен Каравелов" Русе Регионална библиотека "Любен Каравелов" Русе Хранилище 1977-01-01 Хранилище 1.36 229170 Цб 86484 120000229170 2 0.70 Дост: Dp Вид: Д N: сф Дата: 01.01.1977 Книги
  Не е изгубен Universal Decimal Classification Не е повреден без рестрикции заемане за дома 186773 Регионална библиотека "Любен Каравелов" Русе Регионална библиотека "Любен Каравелов" Русе Отдел Изкуство - подръчен фонд 1977-01-01 Отдел Изкуство - подръчен фонд 1.36 232656 78/П 52 120000232656 3 0.70 Дост: Pk Вид: Ф N: сф Дата: 01.01.1977 Дата инв: 03.04.2017 Бележки инв: ИП2017 Книги
Vip Innovations Ltd, Rousse, Bulgaria 2025